000 00337nam a22001457a 4500
008 210607b ||||| |||| 00| 0 eng d
020 _a0721652832
041 _aeng
080 _a616-053.2
082 _a616-053.2
100 _a8
101 _aPED
245 _aClinical Pediatric Endocrinology
_cSolomon A. Kaplan
942 _2udc
_cBK
999 _c57996
_d57996